10 Random Countries in Oceania - Statistics

General Stats
  • This quiz has been taken 22 times
  • The average score is 7 of 10
Answers on the Map
Answers color-coded by a green-red scale on the quiz's map according to % correct below.
 
Answer Stats
Answer % Correct
Fiji
94%
New Zealand
94%
F.S. Micronesia
88%
Kiribati
88%
Marshall Islands
69%
Nauru
69%
Vanuatu
69%
Palau
63%
Tonga
56%
Tuvalu
44%
No matching quizzes found
Score Distribution
Percent of People with Each Score
Percentile by Number Answered
Your Score History
You have not taken this quiz